| 000 | 00433nam a2200157Ia 4500 | ||
|---|---|---|---|
| 008 | 151213s9999 xx 000 0 und d | ||
| 020 | _a984-512-342-2 | ||
| 100 | _aA.B.M.Mafizul Islam Patwari | ||
| 245 |
_aPrinciples of International Law _cA.B.M.Mafizul Islam Patwari |
||
| 260 |
_aDhaka _bMallika Publishing Book |
||
| 300 | _a5910 p. | ||
| 650 | _aLaw | ||
| 650 | _aLaw | ||
| 700 | _aA.B.M.Mafizul Islam Patwari | ||
| 999 |
_c3418 _d3418 |
||